00319nam a2200121Ia 4500008004100000041000800041082001600049100001800065245004000083260003200123300003300155365000900188240624s9999 xx 000 0 und d aeng a332.632 MEH aMEHRA RAJNISH aHANDBOOK OF THE EQUITY RISK PREMIUM c2008aLondonbNorth-Holland axxiii, : 609 : p. : cm. ; 24 cb25